History Quiz

Random History or Nation Quiz

Ancient Roman History A-Z Quiz Stats

Quiz Updated Nov 22, 2011

Also try: Ancient Egypt A-Z
Challenge
Share
Tweet
Embed
Score 0/26 Timer 07:00
2 Plays Today
Clue Answer % Correct
City sacked by Roman armies under Titus Flavius in A.D. 70.Jerusalem
53.3%
City buried by the eruption of Mt. Vesuvius, A.D. 79.Herculaneum
50.3%
Rome's port city until the 4th century A.D.Ostia
42.9%
Reform-minded brothers who were assassinated in the late 2nd century B.C.The Gracchi
37.7%
Woman whose rape and suicide led to the expulsion of the last King of Rome.Lucretia
37.1%
Roman dictator who famously gave up farming to undertake a war against the Aequi in 458 B.C.(L. Quinctius) Cincinnatus
33.6%
Roman magistrates who oversaw matters of finance and the treasury.Quaestores
33.5%
Last battle of the 2nd Punic War, 202 B.C.Zama
33.3%
Arvernian chieftain who defeated Julius Caesar at Gergovia.Vercingetorix
30.2%
Modern name for the region unsuccessfully invaded by Aelius Gallus in about 25 B.C.Yemen
30%
Under the Roman calendar, the name given to the first day of each month.Kalendae
28.3%
The 2nd King of Rome, who ruled from 717 B.C. to 673 B.C.Numa Pompilius
19.2%
Hill on which were located the Gardens of Maecenas.Esquiline Hill
18.2%
Clue Answer % Correct
Emperor who re-fortified the city of Rome in the 3rd century A.D.Aurelian
18%
The people who defeated the Romans at the 'Battle' of the Caudine Forks, 321 B.C.Samnites
14.2%
2-word honorific bestowed on Cicero by the Senate for his role in uncovering the Catilinarian Conspiracy.Pater Patriae
12.6%
Aspect of Mars celebrated by a temple built at Rome under Augustus.Ultor ('Avenger')
12.2%
Formal, posthumous, condemnation by the Senate of a particularly disliked individual (e.g. The Emperor Domitian).Damnatio Memoriae
11.5%
The oldest Forum in the city of Rome (hint: cattle were sold there!).(Forum) Boarium
10.8%
Road which ran from Rome to Ariminum (Rimini).(Via) Flaminia
10.7%
Commonly-used cognomen of the Emperor Maximinus I. Thrax
10%
Series of speeches in which Cicero prosecuted a former governor of Sicily.In Verrem
7.1%
Battle at which Cn. Julius Agricola defeated the Caledonii in A.D. 83.Mons Graupius
6.3%
Modern name of the city of Colonia Ulpia Traiana, in Germany.Xanten
5.6%
Celtic tribe in Britain whose King, Cogidubnus, sided with the Romans during Claudius' invasion.Regnenses
4.3%
German historian who began the re-editing of Pauly's Realencyclop├Ądie der Classischen Altertumswissenschaft.(Georg) Wissowa
1.9%

You're not logged in!

Compare scores with friends on all Sporcle quizzes.
Join for Free
OR
Log In

You Might Also Like...

Show Comments

Extras

Top Quizzes Today


Score Distribution

Your Account Isn't Verified!

In order to create a playlist on Sporcle, you need to verify the email address you used during registration. Go to your Sporcle Settings to finish the process.

Report this User

Report this user for behavior that violates our Community Guidelines.

Details: